LEADER 00917nam0-22003251i-450- 001 990007999910403321 005 20050207145155.0 035 $a000799991 035 $aFED01000799991 035 $a(Aleph)000799991FED01 035 $a000799991 100 $a20050207d1995----km-y0itay50------ba 101 0 $aita 102 $aIT 105 $ay---j---001y- 200 1 $aBenevento ed il Sannio$eguida illustrata a colori$fAlfredo Pietronigro 210 $aBenevento$cSocietā editoriale La Scarana$d1995 215 $a163 p.$d22 cm$epianta della cittā 610 0 $aGuide di viaggio 610 0 $aBenevento 610 0 $aSannio 676 $a910.22 700 1$aPietronigro,$bAlfredo$0422190 801 0$aIT$bUNINA$gRICA$2UNIMARC 901 $aBK 912 $a990007999910403321 952 $a60 DONO NOVIELL0 17$b9749$fFAGBC 959 $aFAGBC 996 $aBenevento ed il Sannio$9749731 997 $aUNINA LEADER 01096nam--2200349---450- 001 990000559120203316 035 $a0055912 035 $aUSA010055912 035 $a(ALEPH)000055912USA01 035 $a0055912 100 $a20010711d1978----km-y0itay0103----ba 101 $aeng 102 $aGB 105 $a||||||||001yy 200 1 $aSyntactic pattern recognition$ean introduction$fRafael C. Gonzales and Michael G. Thomason 210 $aLondon$cAddison-Wesley$d1978 215 $aXIX, 283 p.$cill.$d23 cm 225 2 $aApplied mathematics and computation$v14 410 $12001$aApplied mathematics and computation 676 $a001.5351 700 1$aGONZALES,$bRafael C.$0546504 701 1$aTHOMASON,$bMichael G.$0546505 801 0$aIT$bsalbc$gISBD 912 $a990000559120203316 951 $a001.5351 GON A$b10124 SM$c001.5351$d00105012 959 $aBK 969 $aSCI 979 $aPATTY$b90$c20010711$lUSA01$h1335 979 $c20020403$lUSA01$h1705 979 $aPATRY$b90$c20040406$lUSA01$h1639 996 $aSyntactic pattern recognition$9884634 997 $aUNISA